Managing Projects in Hospitality Organosations/ (Record no. 9527)

MARC details
000 -LEADER
fixed length control field 00576nam a22001937a 4500
003 - CONTROL NUMBER IDENTIFIER
control field OSt
005 - DATE AND TIME OF LATEST TRANSACTION
control field 20251003165140.0
008 - FIXED-LENGTH DATA ELEMENTS--GENERAL INFORMATION
fixed length control field 251003b |||||||| |||| 00| 0 eng d
020 ## - INTERNATIONAL STANDARD BOOK NUMBER
International Standard Book Number 0304325058
040 ## - CATALOGING SOURCE
Original cataloging agency DDC
Transcribing agency MUST
082 ## - DEWEY DECIMAL CLASSIFICATION NUMBER
Classification number 647.94 TEA 1992
100 ## - MAIN ENTRY--PERSONAL NAME
Personal name Edited by Teare Richard
9 (RLIN) 19398
245 ## - TITLE STATEMENT
Title Managing Projects in Hospitality Organosations/
Statement of responsibility, etc. Edited by Teare Richard
260 ## - PUBLICATION, DISTRIBUTION, ETC. (IMPRINT)
Place of publication, distribution, etc. New York:
Name of publisher, distributor, etc. Cassell,
Date of publication, distribution, etc. 1992.
300 ## - PHYSICAL DESCRIPTION
Extent viii,325p.:
Other physical details ill (B/W);
Dimensions 24CM.
504 ## - BIBLIOGRAPHY, ETC. NOTE
Bibliography, etc Include: Index and References (P325)
650 ## - SUBJECT ADDED ENTRY--TOPICAL TERM
Topical term or geographic name as entry element Projects
9 (RLIN) 19399
942 ## - ADDED ENTRY ELEMENTS (KOHA)
Source of classification or shelving scheme Dewey Decimal Classification
Koha item type Open Shelf
Holdings
Withdrawn status Lost status Source of classification or shelving scheme Damaged status Not for loan Home library Current library Date acquired Source of acquisition Inventory number Total Checkouts Full call number Barcode Date last seen Price effective from Koha item type
    Dewey Decimal Classification     MUST Main Library MUST Main Library 03/10/2025 Purchase 97/10501   647.94 TEA 1992 2025-0050 03/10/2025 03/10/2025 Open Shelf
    Dewey Decimal Classification     MUST Main Library MUST Main Library 03/10/2025 Purchase 97/10500   647.94 TEA 1992 2025-0051 03/10/2025 03/10/2025 Open Shelf